| 000 | 01011nam a2200229Ia 4500 | ||
|---|---|---|---|
| 003 | Ost | ||
| 005 | 20260507074917.0 | ||
| 008 | 260507s9999||||xx |||||||||||||| ||und|| | ||
| 040 | _cfsecg | ||
| 041 | _aara | ||
| 082 | _a327.2 | ||
| 100 |
_aحسن، كامل سرمك _eمؤلف |
||
| 245 | 0 |
_aإدارة المراسم / _c كامل سرمك حسن |
|
| 260 |
_aعمان: _bدار اليازوري, _c2008 |
||
| 300 |
_a302 صفحة؛ _bإيضاحات ؛ _c25 سم |
||
| 504 | _aببليوغرافيا: ص.297 | ||
| 520 | _aادارة المراسيم، التنظيم الاداري لادارة المراسم، مفاهيم سلوكية، أنواع المراسم، الأسبقية، الدعوات، مراسم التقديم والتعارف، الاجتماعات والمؤتمرات، الدبلوماسية، المرافقة والدلالة والترجمة | ||
| 653 | _aالادارة | ||
| 653 | _aالسلوك | ||
| 653 | _aالمراسم الدبلوماسية | ||
| 942 | _cكتاب | ||
| 999 |
_c41778 _d41778 |
||